| 000 | 00821nam a2200205Ia 4500 | ||
|---|---|---|---|
| 003 | GCL | ||
| 008 | 140319s9999 xx 000 0 ara d | ||
| 040 |
_aGCL / _cGCL |
||
| 082 | 0 | 4 |
_a189.1 _bم ت |
| 100 | 1 | _aمحمد على ابوريان | |
| 245 | 1 | 0 |
_aتاريخ الفكر الفلسفى فى الاسلام : _bالمقدمة العامة - الفرق الاسلامية وعلم الكلام - الفلسفة الاسلامية / _cمحمد على ابوريان |
| 260 |
_aالقاهرة : _bدار المعرفة الجامعية ، _c1996 |
||
| 300 |
_a575 ص ؛ _c24 سم |
||
| 650 | 0 | 4 | _aالفلسفة الاسلامية |
| 650 | 0 | 4 | _aالاسلام |
| 650 | 0 | 4 | _aالتصوف الاسلامى |
| 650 | 0 | 4 | _aالفرق الاسلامية |
| 650 | 0 | 4 | _aالحركات الفكرية |
| 942 |
_2ddc _cBK |
||
| 999 |
_c42166 _d42166 |
||